Drug Discovery;The Evolution of modern medicine (Record no. 2868)

MARC details
000 -LEADER
fixed length control field 00351nam a22001337a 4500
008 - FIXED-LENGTH DATA ELEMENTS--GENERAL INFORMATION
fixed length control field 250404b |||||||| |||| 00| 0 eng d
020 ## - INTERNATIONAL STANDARD BOOK NUMBER
ISBN 9780471904716
100 ## - MAIN ENTRY--AUTHOR
Author Sneader Walter
245 ## - TITLE STATEMENT
Title Drug Discovery;The Evolution of modern medicine
260 ## - PUBLICATION, DISTRIBUTION, ETC. (IMPRINT)
Place of publication Chichester
Name of publisher John wiley&Sons
Date of publication 1985
300 ## - COLLATION
Pagination x,435p
942 ## - ADDED ENTRY ELEMENTS (KOHA)
Item type Books
050 ## - LIBRARY OF CONGRESS CALL NUMBER
Classification number RM301
Item number .S64
Holdings
Source of classification or shelving scheme Not for loan Permanent location Current location Date acquired Accession No. Full call number Barcode. Koha item type
Library of Congress Classification   Medical Library Medical Library 04/04/2025 2024/63040 RM301.S64 2025-1199 Books